| 000 -LEADER |
| fixed length control field |
02075cam a2200301 a 4500 |
| 001 - CONTROL NUMBER |
| control field |
13663270 |
| 003 - CONTROL NUMBER IDENTIFIER |
| control field |
OSt |
| 005 - DATE AND TIME OF LATEST TRANSACTION |
| control field |
20140116120818.0 |
| 008 - FIXED-LENGTH DATA ELEMENTS--GENERAL INFORMATION |
| fixed length control field |
040723s2005 nyuab be 001 0deng |
| 010 ## - LIBRARY OF CONGRESS CONTROL NUMBER |
| LC control number |
2004016779 |
| 015 ## - NATIONAL BIBLIOGRAPHY NUMBER |
| National bibliography number |
GBA4-Y3035 |
| 035 ## - SYSTEM CONTROL NUMBER |
| System control number |
(OCoLC)ocm56033052 |
| 040 ## - CATALOGING SOURCE |
| Original cataloging agency |
DLC |
| Transcribing agency |
DLC |
| Modifying agency |
C#P |
| -- |
MUQ |
| -- |
UKM |
| -- |
BAKER |
| -- |
XY4 |
| -- |
RMC |
| -- |
NLGGC |
| -- |
XY4 |
| -- |
DLC |
| 043 ## - GEOGRAPHIC AREA CODE |
| Geographic area code |
f------ |
| 050 00 - LIBRARY OF CONGRESS CALL NUMBER |
| Classification number |
DT20.E53 2005 |
| 245 00 - TITLE STATEMENT |
| Title |
Encyclopedia of African history / |
| Statement of responsibility, etc |
Kevin Shillington, editor. |
| 260 ## - PUBLICATION, DISTRIBUTION, ETC. (IMPRINT) |
| Place of publication, distribution, etc |
New York : |
| Name of publisher, distributor, etc |
Fitzroy Dearborn, |
| Date of publication, distribution, etc |
2005. |
| 300 ## - PHYSICAL DESCRIPTION |
| Extent |
3 v. : |
| Other physical details |
ill., maps ; |
| Dimensions |
29 cm. |
| 504 ## - BIBLIOGRAPHY, ETC. NOTE |
| Bibliography, etc |
Includes bibliographical references and index. |
| 505 0# - FORMATTED CONTENTS NOTE |
| Formatted contents note |
v. 1. A-G -- v. 2. H-O -- v. 3. P-Z, index. |
| 520 ## - SUMMARY, ETC. |
| Summary, etc |
Covering the entire continent from Morocco, Libya, and Egypt in the north to the Cape of Good Hope in the south, and the surrounding islands from Cape Verde in the west to Madagascar, Mauritius, and Seychelles in the east, this A-Z reference examines the history of the entire African continent. With entries ranging from the earliest evolution of human beings in Africa to the beginning of the twenty-first century, this comprehensive three-volume Encyclopedia is the first reference of this scale and scope. In nearly 1,100 entries, the Encyclopedia not only examines the well-established topics in African history but also looks at the social, economic, linguistic, anthropological, and political subjects that are being re-evaluated or newly opened for historical analysis by recent research and publication. |
| 651 #0 - SUBJECT ADDED ENTRY--GEOGRAPHIC NAME |
| Geographic name |
Africa |
| General subdivision |
History |
| Form subdivision |
Encyclopedias. |
| 700 1# - ADDED ENTRY--PERSONAL NAME |
| Personal name |
Shillington, Kevin. |
| 856 41 - ELECTRONIC LOCATION AND ACCESS |
| Materials specified |
Table of contents |
| Uniform Resource Identifier |
<a href="http://www.loc.gov/catdir/toc/ecip0420/2004016779.html">http://www.loc.gov/catdir/toc/ecip0420/2004016779.html</a> |
| 856 42 - ELECTRONIC LOCATION AND ACCESS |
| Materials specified |
Publisher description |
| Uniform Resource Identifier |
<a href="http://www.loc.gov/catdir/enhancements/fy0702/2004016779-d.html">http://www.loc.gov/catdir/enhancements/fy0702/2004016779-d.html</a> |
| 942 ## - ADDED ENTRY ELEMENTS (KOHA) |
| Source of classification or shelving scheme |
|
| Koha item type |
Reference material |